000 00546nam a22001577a 4500
005 20120312114828.0
020 _a8126122161
_c995.00
035 _aB-121798
037 _aDPL
_bENG
100 _aSaran, A.K.
_943712
245 _aEnvironmental psychology /
_cby A.K. Saran
260 _aNew Delhi
_bAnmol Publications Pvt. Ltd.
_c2005
300 _avii, 336p.
_c20 cms.
942 _2ddc
_cEN
_h155.9
_mSAR
999 _c63968
_d63968